[Event "Cheliabinsk Lozovatsky Memorial-A"]
[Site "Cheliabinsk"]
[Date "2023.01.27"]
[Round "1"]
[White "Gukhman, Sergey"]
[Black "Kholin, Aleksandr1"]
[Result "1/2-1/2"]
[WhiteElo "2115"]
[BlackElo "2350"]
[PlyCount "60"]
[EventDate "2023.01.27"]
[EventType "swiss"]
[EventRounds "10"]
[EventCountry "RUS"]
[SourceTitle "CBM 212 Extra"]
[Source "ChessBase"]
[SourceDate "2023.03.31"]
[SourceVersion "1"]
[SourceVersionDate "2023.03.31"]
[SourceQuality "1"]

1. d4 Nf6 2. c4 e6 3. Nf3 b6 4. e3 Bb7 5. Nc3 Bb4 6. Bd3 0-0 7. 0-0 Bxc3 8. bxc3 c5 9. Qe2 d6 10. e4 Nbd7 11. Bg5 cxd4 12. cxd4 e5 13. c5 bxc5 14. dxe5 dxe5 15. Bb5 Qc7 16. Rad1 Bc6 17. Bd3 h6 18. Bh4 Rfe8 19. Nd2 Nh7 20. Bc4 Nb6 21. Nb3 Rab8 22. Rfe1 Nf8 23. Nxc5 Ba8 24. Rc1 Qd6 25. Red1 Qg6 26. Bb3 Rbc8 27. f3 Qh5 28. Bf2 Ng6 29. g3 Qg5 30. Qd2 Qf6 1/2-1/2

[Event "Cheliabinsk Panchenko Memorial op-A"]
[Site "Cheliabinsk"]
[Date "2022.09.20"]
[Round "9"]
[White "Klachkou, Platon"]
[Black "Gukhman, Sergey"]
[Result "1/2-1/2"]
[WhiteElo "2150"]
[BlackElo "2058"]
[PlyCount "47"]
[EventDate "2022.09.12"]
[EventType "swiss"]
[EventRounds "10"]
[EventCountry "RUS"]
[SourceTitle "CBM 210 Extra"]
[Source "ChessBase"]
[SourceDate "2022.11.30"]
[SourceVersion "1"]
[SourceVersionDate "2022.11.30"]
[SourceQuality "1"]

1. Nf3 Nf6 2. c3 b6 3. d4 Bb7 4. Nbd2 c5 5. e3 e6 6. Bd3 d6 7. 0-0 Nbd7 8. e4 cxd4 9. cxd4 Be7 10. a3 0-0 11. b4 a5 12. Rb1 axb4 13. axb4 Ra2 14. Qb3 Qa8 15. Re1 d5 16. e5 Ne4 17. Nxe4 dxe4 18. Bxe4 Bxe4 19. Rxe4 Qxe4 20. Qxa2 Ra8 21. Qb3 b5 22. Be3 Nb6 23. h3 h6 24. Nd2 1/2-1/2

[Event "Cheliabinsk Panchenko Memorial op-A"]
[Site "Cheliabinsk"]
[Date "2022.09.18"]
[Round "7"]
[White "Bublei, Pavel"]
[Black "Gukhman, Sergey"]
[Result "1-0"]
[WhiteElo "2321"]
[BlackElo "2058"]
[PlyCount "67"]
[EventDate "2022.09.12"]
[EventType "swiss"]
[EventRounds "10"]
[EventCountry "RUS"]
[SourceTitle "CBM 210 Extra"]
[Source "ChessBase"]
[SourceDate "2022.11.30"]
[SourceVersion "1"]
[SourceVersionDate "2022.11.30"]
[SourceQuality "1"]

1. d4 Nf6 2. c4 e6 3. Nc3 Bb4 4. Bd2 0-0 5. a3 Bxc3 6. Bxc3 Ne4 7. Rc1 Qh4 8. g3 Nxc3 9. Rxc3 Qe7 10. Bg2 d6 11. Nf3 c5 12. 0-0 e5 13. Re3 f6 14. b4 cxb4 15. axb4 Bg4 16. c5 Rd8 17. cxd6 Qxd6 18. Qb3+ Be6 19. dxe5 Bxb3 20. exd6 Ba4 21. Nd4 Nc6 22. Nf5 Kf8 23. Ra1 Bc2 24. Bxc6 Bxf5 25. Bxb7 Rab8 26. Be4 Bh3 27. Bxh7 Rxd6 28. f3 f5 29. Re5 Kf7 30. Bxf5 Kf6 31. Raa5 Rd1+ 32. Kf2 Bf1 33. Re6+ Kg5 34. h4+ 1-0

[Event "Cheliabinsk Panchenko Memorial op-A"]
[Site "Cheliabinsk"]
[Date "2022.09.17"]
[Round "6"]
[White "Gukhman, Sergey"]
[Black "Zemlyanskii, Ivan"]
[Result "1-0"]
[WhiteElo "2058"]
[BlackElo "2240"]
[PlyCount "61"]
[EventDate "2022.09.12"]
[EventType "swiss"]
[EventRounds "10"]
[EventCountry "RUS"]
[SourceTitle "CBM 210 Extra"]
[Source "ChessBase"]
[SourceDate "2022.11.30"]
[SourceVersion "1"]
[SourceVersionDate "2022.11.30"]
[SourceQuality "1"]

1. d4 Nf6 2. Nf3 e6 3. Bg5 h6 4. Bxf6 Qxf6 5. e4 g6 6. Nc3 Bg7 7. Qd2 d6 8. 0-0-0 Qe7 9. h4 Nd7 10. Bd3 a6 11. Rde1 c5 12. dxc5 Nxc5 13. e5 dxe5 14. Nxe5 0-0 15. f4 Rd8 16. Qe3 Nxd3+ 17. cxd3 h5 18. g4 hxg4 19. h5 gxh5 20. Rxh5 f5 21. Reh1 Bd7 22. Qg3 Be8 23. Rg5 Qf6 24. Rh4 Rac8 25. Qh2 Kf8 26. Rh7 Rxd3 27. Rhxg7 Rh3 28. Rg8+ Ke7 29. R5g7+ Bf7 30. Qd2 Rh1+ 31. Kc2 1-0

[Event "Cheliabinsk Panchenko Memorial op-A"]
[Site "Cheliabinsk"]
[Date "2022.09.16"]
[Round "5"]
[White "Kozlov, Denis1"]
[Black "Gukhman, Sergey"]
[Result "1/2-1/2"]
[WhiteElo "2298"]
[BlackElo "2058"]
[PlyCount "120"]
[EventDate "2022.09.12"]
[EventType "swiss"]
[EventRounds "10"]
[EventCountry "RUS"]
[SourceTitle "CBM 210 Extra"]
[Source "ChessBase"]
[SourceDate "2022.11.30"]
[SourceVersion "1"]
[SourceVersionDate "2022.11.30"]
[SourceQuality "1"]

1. d4 Nf6 2. c4 e6 3. Nf3 d5 4. g3 dxc4 5. Bg2 a6 6. 0-0 Nc6 7. Bg5 Be7 8. e3 Bd7 9. Qc1 b5 10. b3 cxb3 11. axb3 Nd5 12. Bxe7 Qxe7 13. Nc3 0-0 14. Ne4 Rfb8 15. Nc5 a5 16. e4 Nf6 17. Rd1 Nb4 18. Ne5 Be8 19. Qf4 a4 20. g4 Na6 21. g5 Nxc5 22. dxc5 Nh5 23. Qg4 f6 24. gxf6 Nxf6 25. Qh3 Kh8 26. Rdc1 axb3 27. Qxb3 Rxa1 28. Rxa1 Qxc5 29. Qxe6 Qd6 30. Qf5 b4 31. Rb1 b3 32. Bf1 g6 33. Qf4 Kg7 34. Nxg6 Bxg6 35. e5 Nh5 36. exd6 Nxf4 37. dxc7 Rc8 38. Rxb3 Rxc7 39. Rb4 Nd5 40. Rd4 Nf6 41. Kg2 Be4+ 42. f3 Rc2+ 43. Kg3 Bg6 44. Rc4 Nh5+ 45. Kg4 Rf2 46. Rc7+ Kh6 47. Bh3 Rxh2 48. Rc6 Rb2 49. Bf1 Rb1 50. Bd3 Rg1+ 51. Kh4 Nf4 52. Be4 Ne2 53. Ra6 Ng3 54. Bd3 Kg7 55. Ra7+ Kf6 56. Ra6+ Ke5 57. Bxg6 hxg6 58. Rxg6 Nf5+ 59. Kh5 Rh1+ 60. Kg5 Rg1+ 1/2-1/2

[Event "Cheliabinsk Panchenko Memorial op-A"]
[Site "Cheliabinsk"]
[Date "2022.09.13"]
[Round "2"]
[White "Gukhman, Sergey"]
[Black "Zverev, Lev"]
[Result "1/2-1/2"]
[WhiteElo "2058"]
[BlackElo "2314"]
[PlyCount "79"]
[EventDate "2022.09.12"]
[EventType "swiss"]
[EventRounds "10"]
[EventCountry "RUS"]
[SourceTitle "CBM 210 Extra"]
[Source "ChessBase"]
[SourceDate "2022.11.30"]
[SourceVersion "1"]
[SourceVersionDate "2022.11.30"]
[SourceQuality "1"]

1. d4 Nf6 2. c4 e6 3. Nf3 d5 4. Qc2 dxc4 5. Qxc4 a6 6. Bf4 Bd6 7. Bg3 b5 8. Qc2 Bb7 9. Nbd2 Nc6 10. e3 Nb4 11. Qc1 Ne4 12. a3 Nxg3 13. hxg3 Nc6 14. Bd3 Qd7 15. Nb3 0-0-0 16. Nc5 Bxc5 17. Qxc5 h6 18. 0-0 Qd6 19. Rfc1 Qxc5 20. Rxc5 Rd5 21. Rc3 Rd6 22. Rac1 Kb8 23. Be4 Nxd4 24. Nxd4 Bxe4 25. Rxc7 e5 26. Nf3 Bxf3 27. gxf3 Rd1+ 28. Rxd1 Kxc7 29. e4 Rd8 30. Rxd8 Kxd8 31. b4 Kd7 32. Kg2 Ke6 33. Kh3 f5 34. Kh4 g6 35. Kh3 Kf6 36. Kh4 h5 37. Kh3 g5 38. Kg2 Kg6 39. Kh3 Kf6 40. Kg2 1/2-1/2

[Event "Cheliabinsk Panchenko Memorial op-A"]
[Site "Cheliabinsk"]
[Date "2022.09.12"]
[Round "1"]
[White "Nozdrachev, Leonid"]
[Black "Gukhman, Sergey"]
[Result "1-0"]
[WhiteElo "2369"]
[BlackElo "2058"]
[PlyCount "83"]
[EventDate "2022.09.12"]
[EventType "swiss"]
[EventRounds "10"]
[EventCountry "RUS"]
[SourceTitle "CBM 210 Extra"]
[Source "ChessBase"]
[SourceDate "2022.11.30"]
[SourceVersion "1"]
[SourceVersionDate "2022.11.30"]
[SourceQuality "1"]

1. d4 Nf6 2. c4 e6 3. Nc3 Bb4 4. e3 0-0 5. Bd3 d5 6. Nf3 dxc4 7. Bxc4 c5 8. 0-0 Nc6 9. Qd3 a6 10. a3 Ba5 11. Rd1 b5 12. Ba2 Bb7 13. Bb1 Bxc3 14. Qxc3 cxd4 15. exd4 h6 16. Bf4 Ne7 17. Be5 Rc8 18. Qe3 Ned5 19. Qd3 Qb6 20. Nd2 Qc6 21. f3 b4 22. Nb3 Qb6 23. a4 a5 24. Qb5 Ra8 25. Rc1 Rfc8 26. Rc5 Bc6 27. Qd3 Bd7 28. g4 g6 29. h4 Rxc5 30. Nxc5 Rc8 31. Ba2 Be8 32. Re1 Nd7 33. Nxd7 Bxd7 34. h5 Bxa4 35. hxg6 f6 36. Bxf6 b3 37. Bxb3 Qxb3 38. Qa6 Re8 39. Qa7 Ne7 40. Bxe7 Qxf3 41. Bd6 Rf8 42. Qh7# 1-0

[Event "Voronezh Petrovsky op"]
[Site "Voronezh"]
[Date "2022.06.17"]
[Round "9"]
[White "Gukhman, Sergey"]
[Black "Kovalenko, Sergey"]
[Result "1/2-1/2"]
[WhiteElo "2014"]
[BlackElo "2214"]
[PlyCount "27"]
[EventDate "2022.06.10"]
[EventType "swiss"]
[EventRounds "9"]
[EventCountry "RUS"]
[SourceTitle "EXT 2023"]
[Source "ChessBase"]
[SourceDate "2022.10.05"]
[SourceVersion "1"]
[SourceVersionDate "2022.10.05"]
[SourceQuality "1"]

1. d4 Nf6 2. c4 e6 3. Nc3 d5 4. cxd5 exd5 5. Bg5 Be7 6. e3 c6 7. Qc2 0-0 8. Bd3 Nbd7 9. Nf3 Re8 10. h3 Nf8 11. Bf4 Ng6 12. Bh2 Bd6 13. Bxd6 Qxd6 14. 0-0-0 1/2-1/2

[Event "Voronezh Petrovsky op"]
[Site "Voronezh"]
[Date "2022.06.11"]
[Round "2"]
[White "Gukhman, Sergey"]
[Black "Afonasieva, Anna"]
[Result "1/2-1/2"]
[WhiteElo "2014"]
[BlackElo "2232"]
[PlyCount "104"]
[EventDate "2022.06.10"]
[EventType "swiss"]
[EventRounds "9"]
[EventCountry "RUS"]
[SourceTitle "EXT 2023"]
[Source "ChessBase"]
[SourceDate "2022.10.05"]
[SourceVersion "1"]
[SourceVersionDate "2022.10.05"]
[SourceQuality "1"]

1. d4 Nf6 2. c4 g6 3. h4 Bg7 4. Nc3 d5 5. h5 Nxh5 6. cxd5 e6 7. g4 Nf6 8. dxe6 Bxe6 9. e4 Bxg4 10. f3 Bh5 11. Bg5 0-0 12. Qd2 h6 13. Be3 Nc6 14. 0-0-0 Qd7 15. Bh3 Qe7 16. e5 Nxe5 17. dxe5 Qxe5 18. Bd4 Qd6 19. Qf2 Rfe8 20. Nge2 Qc6 21. Bg2 Rad8 22. Nf4 Ne4 23. fxe4 Bxd1 24. Bxg7 Kxg7 25. Rxd1 Rxd1+ 26. Kxd1 Rd8+ 27. Kc2 Qd6 28. Bf1 c6 29. Nd3 Qf6 30. Qe2 h5 31. Bh3 Qh4 32. Qf3 Qf6 33. Qe2 Qd4 34. Qf3 Qf6 35. Qe2 Qh4 36. Qf3 Qf6 37. Qe3 Qd4 38. Qf3 Qf6 39. Qe2 Qh4 40. Qf1 Qf6 41. Qg2 g5 42. Bf5 g4 43. Qf2 Qg5 44. Qg3 b5 45. a3 a5 46. Qe5+ Qf6 47. Qh2 Qg5 48. Qe5+ Qf6 49. Qg3 Kh6 50. Ne2 Qg5 51. Nef4 b4 52. Ne5 Qe7 1/2-1/2

[Event "Moscow City Team-ch"]
[Site "Moscow"]
[Date "2021.09.11"]
[Round "1"]
[White "Gukhman, Sergey"]
[Black "Klukin, Kirill"]
[Result "0-1"]
[WhiteElo "1915"]
[BlackElo "2366"]
[PlyCount "62"]
[EventDate "2021.09.11"]
[EventType "team-swiss"]
[EventRounds "7"]
[EventCountry "RUS"]
[SourceTitle "EXT 2022"]
[Source "ChessBase"]
[SourceDate "2021.10.06"]
[SourceVersion "1"]
[SourceVersionDate "2021.10.06"]
[SourceQuality "1"]

1. d4 Nf6 2. c4 g6 3. Nc3 Bg7 4. e4 d6 5. Nf3 0-0 6. Be2 Na6 7. 0-0 e5 8. Be3 Ng4 9. Bg5 Qe8 10. Re1 c6 11. dxe5 dxe5 12. h3 f6 13. Bd2 Nh6 14. a3 Nf7 15. b4 Qe7 16. c5 Nc7 17. Be3 Be6 18. Nd2 f5 19. exf5 gxf5 20. Nc4 Rad8 21. Qc2 f4 22. Bd2 f3 23. Bd3 fxg2 24. Ne4 Nd5 25. Ncd6 Qh4 26. Ng3 Nxd6 27. cxd6 Rxf2 28. Nf5 Bxf5 29. Bxf5 Qd4 30. Bc3 Rf1+ 31. Kxg2 Qg1# 0-1

[Event "Moscow op-A 17th"]
[Site "Moscow"]
[Date "2021.02.27"]
[Round "8"]
[White "Gukhman, Sergey"]
[Black "Zhuk, Kirill"]
[Result "1-0"]
[WhiteElo "1667"]
[BlackElo "2054"]
[PlyCount "83"]
[EventDate "2021.02.20"]
[EventType "swiss"]
[EventRounds "9"]
[EventCountry "RUS"]
[SourceTitle "EXT 2022"]
[Source "ChessBase"]
[SourceDate "2021.10.06"]
[SourceVersion "1"]
[SourceVersionDate "2021.10.06"]
[SourceQuality "1"]

1. e4 c5 2. Nf3 Nc6 3. b4 cxb4 4. d4 d5 5. exd5 Qxd5 6. c4 Qf5 7. Be3 b3 8. Qxb3 e5 9. d5 Nb4 10. Na3 Nf6 11. Rd1 Bd7 12. Be2 h6 13. 0-0 a5 14. Rfe1 Be7 15. Qb2 Ng4 16. Bb6 Qf6 17. d6 Bd8 18. Bc5 Kf8 19. Nb5 Kg8 20. h3 h5 21. Nc3 e4 22. Bd4 Qg6 23. Nxe4 Qxe4 24. a3 Qc2 25. axb4 Qxb2 26. Bxb2 Nf6 27. b5 Bb6 28. Ne5 Rd8 29. Bf3 Bc8 30. Ba3 Nd7 31. Nxd7 Bxd7 32. Bxb7 Rb8 33. Ba6 Bd8 34. c5 Ra8 35. c6 Ra7 36. cxd7 Bf6 37. Bc8 Kh7 38. b6 Ra8 39. b7 Rb8 40. Re8 g5 41. Rxh8+ Kxh8 42. Re1 1-0

[Event "Moscow op-A 17th"]
[Site "Moscow"]
[Date "2021.02.25"]
[Round "6"]
[White "Gukhman, Sergey"]
[Black "Bogaudinov, Rushan"]
[Result "1/2-1/2"]
[WhiteElo "1667"]
[BlackElo "2016"]
[PlyCount "87"]
[EventDate "2021.02.20"]
[EventType "swiss"]
[EventRounds "9"]
[EventCountry "RUS"]
[SourceTitle "CBM 200 Extra"]
[Source "ChessBase"]
[SourceDate "2021.03.31"]
[SourceVersion "1"]
[SourceVersionDate "2021.03.31"]
[SourceQuality "1"]

1. Nf3 d5 2. g3 Nf6 3. Bg2 g6 4. 0-0 Bg7 5. d4 0-0 6. c4 c6 7. cxd5 cxd5 8. Nc3 Nc6 9. Ne5 e6 10. Nxc6 bxc6 11. Na4 Nd7 12. b3 c5 13. Bb2 Ba6 14. Re1 Rc8 15. e3 Qa5 16. Ba3 Rfd8 17. Bxc5 Nxc5 18. Nxc5 Rxc5 19. b4 Qxb4 20. Rb1 Qa5 21. dxc5 Qxc5 22. Qa4 Bd3 23. Rbc1 Qb6 24. Red1 Bb5 25. Qb3 Qa6 26. Bf1 Bxf1 27. Rxf1 Be5 28. Qc2 Rb8 29. Rb1 Rc8 30. Qd2 Bc3 31. Qc2 Be5 32. Qd2 Rc4 33. Rfc1 Ra4 34. Rc2 h5 35. Qe2 Qa5 36. f4 Bd6 37. Rb5 Qd8 38. Rc6 Qd7 39. Qc2 Rxa2 40. Rc8+ Kh7 41. Qc6 Ra1+ 42. Kg2 Ra2+ 43. Kg1 Ra1+ 44. Kg2 1/2-1/2

[Event "Moscow op-A 17th"]
[Site "Moscow"]
[Date "2021.02.24"]
[Round "5"]
[White "Babakekhyan, Artem"]
[Black "Gukhman, Sergey"]
[Result "1-0"]
[WhiteElo "2181"]
[BlackElo "1667"]
[PlyCount "83"]
[EventDate "2021.02.20"]
[EventType "swiss"]
[EventRounds "9"]
[EventCountry "RUS"]
[SourceTitle "CBM 200 Extra"]
[Source "ChessBase"]
[SourceDate "2021.03.31"]
[SourceVersion "1"]
[SourceVersionDate "2021.03.31"]
[SourceQuality "1"]

1. Nf3 Nf6 2. g3 d5 3. Bg2 c6 4. 0-0 Bg4 5. h3 Bh5 6. d4 Nbd7 7. c4 e6 8. cxd5 exd5 9. Qb3 Qb6 10. Qe3+ Be7 11. Nh4 Bg6 12. Nc3 Kf8 13. f4 Be4 14. Nxe4 Nxe4 15. Bxe4 Bxh4 16. gxh4 dxe4 17. Qxe4 Nf6 18. Qd3 Re8 19. f5 h6 20. b3 Qa5 21. Bf4 Qd5 22. Rad1 Re4 23. Rf2 Nd7 24. Qc4 Nb6 25. Qd3 f6 26. Qg3 Nc8 27. e3 Rg8 28. Rc1 Qf7 29. Qf3 Qe8 30. Rfc2 Nb6 31. Bd6+ Kf7 32. Rg2 g5 33. fxg6+ Kg7 34. Be5 Rxe5 35. dxe5 Qxe5 36. e4 Qd4+ 37. Kh1 Re8 38. Re1 Qb4 39. Rge2 Nd7 40. e5 f5 41. Qxf5 Re7 42. Rd1 1-0

[Event "Moscow op-A 17th"]
[Site "Moscow"]
[Date "2021.02.20"]
[Round "1"]
[White "Gukhman, Sergey"]
[Black "Tyurin, Artem"]
[Result "1-0"]
[WhiteElo "1667"]
[BlackElo "2130"]
[PlyCount "49"]
[EventDate "2021.02.20"]
[EventType "swiss"]
[EventRounds "9"]
[EventCountry "RUS"]
[SourceTitle "CBM 200 Extra"]
[Source "ChessBase"]
[SourceDate "2021.03.31"]
[SourceVersion "1"]
[SourceVersionDate "2021.03.31"]
[SourceQuality "1"]

1. e4 e6 2. Qe2 c5 3. Nf3 Nc6 4. g3 g6 5. Bg2 Bg7 6. 0-0 d6 7. c3 Nge7 8. d4 cxd4 9. cxd4 0-0 10. Nc3 d5 11. e5 Nf5 12. Rd1 Qb6 13. Qb5 Qxb5 14. Nxb5 a6 15. Nc3 b6 16. g4 Nfe7 17. Ne1 Bd7 18. Nd3 Rfc8 19. Ne2 Rc7 20. Be3 b5 21. Nc5 Be8 22. Nf4 Nb4 23. Rdc1 Bf8 24. a3 Nbc6 25. Nfd3 1-0